[Event "Moscow-B"]
[Site "Moscow"]
[Date "1986.03.15"]
[Round "2"]
[White "Vasiukov, Evgeni"]
[Black "Danailov, Silvio"]
[Result "1-0"]
[WhiteElo "2480"]
[BlackElo "2425"]
[Annotator "Vasiukov,E"]
[PlyCount "45"]
[EventDate "1986.03.??"]
[EventType "tourn"]
[EventRounds "11"]
[EventCountry "URS"]
[EventCategory "7"]
[SourceTitle "EXT 2002"]
[Source "ChessBase"]
[SourceDate "2001.11.25"]
[SourceVersion "1"]
[SourceVersionDate "2001.11.25"]
[SourceQuality "1"]

1. e4 c5 2. Nf3 e6 3. d4 cxd4 4. Nxd4 Nf6 5. Nc3 d6 6. g4 h6 7. h4 Nc6 8. Rg1
h5 9. gxh5 Nxh5 10. Bg5 Nf6 11. Rg3 $5 a6 12. Nxc6 bxc6 13. Qf3 e5 $2 (13...
Be7 $13) 14. Bc4 $1 Be6 15. Bxe6 fxe6 16. O-O-O Rb8 17. h5 $1 Rb7 (17... Qb6
18. b3 Nxh5 19. Rh1 $1 g6 20. Be3 Bh6 21. Rxg6 $18) 18. h6 Rf7 19. hxg7 Bxg7
20. Qd3 d5 21. Qxa6 Qc7 22. Nb5 $1 cxb5 (22... Qd7 23. Qa8+ Ke7 (23... Qd8 24.
Nd6+ $18) 24. Qa3+ Kd8 25. Nd6 Re7 26. Rb3 $18) 23. Rc3 (23. Rc3 Qxc3 24. bxc3
O-O 25. Qxe6 Nxe4 26. Rg1 $18) 1-0

[Event "Match/Nation POL-DDR"]
[Site "Slupsk"]
[Date "1982.09.28"]
[Round "3.1"]
[White "Pokojowczyk, Jerzy"]
[Black "Vogt, Lothar"]
[Result "0-1"]
[WhiteElo "2450"]
[BlackElo "2495"]
[Annotator "Vogt,L"]
[PlyCount "116"]
[EventDate "1982.09.25"]
[EventType "team-match"]
[EventRounds "4"]
[EventCountry "POL"]
[SourceTitle "EXT 2003"]
[Source "ChessBase"]
[SourceDate "2002.11.25"]
[SourceVersion "1"]
[SourceVersionDate "2002.11.25"]
[SourceQuality "1"]

{SCHACH 12/1982} 1. e4 c5 2. Nf3 e6 3. d4 cxd4 4. Nxd4 Nf6 5. Nc3 d6 6. g4 h6
7. h4 Be7 8. Bg2 g6 9. g5 hxg5 10. Bxg5 a6 11. Qd2 Bd7 12. O-O-O Nc6 13. f4 Nh5
$5 (13... Qc7) 14. Bxe7 Qxe7 15. Nde2 O-O-O 16. Qxd6 Qxd6 17. Rxd6 e5 $1 {
Nun entsteht ein Endspiel, in dem Schwarz volle Kompensation für den
geopferten Bauern hat.} 18. fxe5 Nxe5 19. Bh3 Bxh3 20. Rxd8+ Kxd8 21. Rxh3 Nf6
$1 {/\g5!} 22. Nf4 Nfg4 23. Nd1 Kd7 24. h5 gxh5 25. Rxh5 Rxh5 26. Nxh5 Nf3 27.
c4 Kd6 28. Kc2 Ke5 29. Kd3 Ng5 30. Ng3 Kf4 31. Ne2+ Ke5 32. Nec3 (32. Ng3 Kf4
$11) 32... Ne6 33. b4 Nf4+ 34. Kc2 Kd4 35. Kb3 Nf6 36. b5 {In Zeitnot spielt
sich die weisse Position unangenehm.} Nd3 37. bxa6 bxa6 38. Nd5 Nxe4 39. N1e3
Nec5+ 40. Kc2 Ne5 41. Nf5+ Kxc4 42. Nc7 a5 43. Nd6+ Kd4 44. Nf5+ Ke4 45. Nd6+
Kf3 46. Nd5 Ne4 47. Nb7 a4 48. Nb6 $2 (48. Nd8 f5 49. Ne6 {sollte noch zum
Remis reichen}) 48... f5 $1 49. Nxa4 f4 50. Nac5 Nxc5 51. Nxc5 Ke3 52. Nb3 f3
53. Nd2 f2 54. Kd1 Kd3 55. Nf1 Ng4 56. Kc1 Ke2 57. Ng3+ Kf3 58. Nf1 Ne3 (58...
Ne3 59. Nd2+ Ke2 60. a4 Nc4 $1) 0-1

[Event "Berliner Sommer 07th"]
[Site "Berlin West"]
[Date "1989.08.13"]
[Round "2"]
[White "Vogt, Lothar"]
[Black "Schulz, Klaus Juergen"]
[Result "1-0"]
[WhiteElo "2470"]
[BlackElo "2350"]
[Annotator "Vogt,L"]
[PlyCount "49"]
[EventDate "1989.08.12"]
[EventType "swiss"]
[EventRounds "9"]
[EventCountry "GER"]
[SourceTitle "EXT 2013"]
[Source "ChessBase"]
[SourceDate "2012.11.22"]
[SourceVersion "1"]
[SourceVersionDate "2012.11.22"]
[SourceQuality "1"]

1. e4 c5 2. Nf3 e6 3. d4 cxd4 4. Nxd4 Nf6 5. Nc3 d6 6. g4 Nc6 7. g5 Nd7 8. Be3
Be7 9. h4 a6 10. Qd2 O-O 11. O-O-O Nxd4 12. Bxd4 b5 13. a3 Ne5 14. Be2 Qc7 $2 (
14... Rb8) 15. h5 Rb8 16. Rdg1 Re8 17. g6 Bf8 18. gxf7+ Kxf7 19. h6 g6 20. f4
Nc4 21. Qd3 d5 22. exd5 Nxb2 23. Kxb2 b4 24. Ne4 bxa3+ 25. Ka1 1-0

[Event "Berliner Sommer 07th"]
[Site "Berlin West"]
[Date "1989.08.20"]
[Round "9"]
[White "Wahls, Matthias"]
[Black "Vogt, Lothar"]
[Result "1/2-1/2"]
[WhiteElo "2535"]
[BlackElo "2470"]
[Annotator "Vogt,L"]
[PlyCount "78"]
[EventDate "1989.08.12"]
[EventType "swiss"]
[EventRounds "9"]
[EventCountry "GER"]
[SourceTitle "EXT 2013"]
[Source "ChessBase"]
[SourceDate "2012.11.22"]
[SourceVersion "1"]
[SourceVersionDate "2012.11.22"]
[SourceQuality "1"]

1. e4 c5 2. Nf3 e6 3. d4 cxd4 4. Nxd4 Nf6 5. Nc3 d6 6. g4 Nc6 7. g5 Nd7 8. Be3
Be7 9. h4 a6 10. Qd2 O-O 11. O-O-O Nxd4 12. Qxd4 b5 13. Kb1 Rb8 14. h5 b4 (
14... Bxg5 15. Bxg5 (15. h6 Bf6) 15... Qxg5 16. h6 e5 17. Qxd6 g6 18. Nd5 $16)
15. Ne2 (15. Na4 e5 16. Qd2 Bb7 {/\ Bc6} 17. f3 Bc6 18. b3 Bxa4 19. bxa4 Nb6
20. Bxb6 Rxb6 21. g6 Qc7 $13) 15... Nc5 (15... Bxg5 16. Bxg5 Qxg5 17. h6 e5 18.
Qxd6 g6 $13) 16. f3 e5 17. Qd2 Be6 18. Nc1 a5 19. g6 Qc7 20. Bh3 Bxh3 (20... a4
21. h6 fxg6 22. Bxe6+ (22. Bxc5 Bxh3) 22... Nxe6 23. Qd5 Qd7 24. hxg7 Rf7 $13)
21. Rxh3 Ne6 22. Qd5 (22. h6 fxg6 (22... hxg6 23. hxg7 Kxg7 24. Bh6+ Kg8) 23.
hxg7 Rf7) (22. Rdh1 fxg6 23. hxg6 hxg6) 22... Rfc8 23. Rh2 a4 24. gxf7+ Kxf7
25. f4 exf4 26. Bxf4 Qc5 (26... Qc4 $2 27. Qf5+ $18) 27. Bxd6 Bxd6 28. Qxd6
Qxd6 29. Rxd6 Rd8 30. Ra6 Ra8 31. Rxa8 Rxa8 32. Nd3 Rd8 33. Rf2+ Ke7 34. Rf5 b3
35. axb3 axb3 36. Re5 Rd4 $11 37. Kc1 Kd6 38. Ra5 (38. Rb5 bxc2 39. e5+ Kc6)
38... Rxe4 39. cxb3 g5 (39... g5 40. Ra6+ Kd5 $11) 1/2-1/2

[Event "Match/Nation DDR-BUL"]
[Site "Zinnowitz"]
[Date "1985.09.28"]
[Round "4.2"]
[White "Ermenkov, Evgenij"]
[Black "Vogt, Lothar"]
[Result "1/2-1/2"]
[WhiteElo "2515"]
[BlackElo "2460"]
[Annotator "Vogt,L"]
[PlyCount "81"]
[EventDate "1985.09.24"]
[EventType "team-match"]
[EventRounds "4"]
[EventCountry "DDR"]
[SourceTitle "EXT 2008"]
[Source "ChessBase"]
[SourceDate "2007.11.25"]
[SourceVersion "1"]
[SourceVersionDate "2007.11.25"]
[SourceQuality "1"]

1. e4 c5 2. Nf3 e6 3. d4 cxd4 4. Nxd4 Nf6 5. Nc3 d6 6. g4 h6 7. h4 Nc6 8. Rg1
h5 9. gxh5 Nxh5 10. Bg5 Nf6 11. Qd2 Qb6 12. Nb3 a6 13. O-O-O Bd7 14. Qe2 Qc7 (
14... O-O-O $2 15. Be3 Qc7 16. Na4 $16) 15. Rg3 O-O-O 16. Rgd3 (16. Nd5 exd5
17. exd5 Re8) 16... Be7 17. f3 Kb8 18. Qf2 Bc8 19. Kb1 (19. Be3 Nd7) 19... Ne8
20. Be3 (20. Na4 Bxg5 21. hxg5 d5 (21... f6 $6 22. Rc3 d5 23. Nd4 Rd6 24. gxf6
gxf6 25. exd5 exd5 26. a3 $16 {Sax,G-Cebalo,M/Zagreb 1985 -39/284}) 22. exd5
exd5 23. Rxd5 Rxd5 24. Rxd5 Rh2 $44) 20... Bxh4 21. Qg1 Qe7 22. Na4 b5 23. Nb6
Bb7 24. Bf4 Qf6 25. Qe3 (25. Bxd6+ Nxd6 26. Rxd6 Rxd6 27. Rxd6 Qxf3) 25... Bf2
(25... Ne5 26. Nc5) 26. Bxd6+ Nxd6 27. Qxf2 Nc4 (27... Nxe4 28. Qe3 $18) 28.
Rxd8+ (28. Qg3+ Ka7 29. Nxc4 bxc4 30. Qg1+ Ka8 31. Rxd8+ Rxd8 32. Rxd8+ Qxd8
33. Bxc4 Ne5 34. Be2 g5 $14) 28... Rxd8 29. Rxd8+ Qxd8 30. Nxc4 bxc4 31. Bxc4
Qd1+ 32. Nc1 Nd4 33. b3 (33. Bd3) 33... Nxf3 34. Qg3+ Ka8 35. Be2 Nd2+ 36. Kb2
Nxe4 37. Qxg7 Qd6 38. Bf3 (38. Qxf7 Qd4+ 39. Ka3 Nc3 $19) 38... f6 39. Nd3 e5
40. Qg8+ Ka7 41. Bxe4 (41. Bxe4 Bxe4 42. Qg7+ Kb6 43. Qg1+ $11) 1/2-1/2

[Event "RUS-ch Higher League 64th"]
[Site "Taganrog"]
[Date "2011.06.19"]
[Round "5"]
[White "Sek, Konstantin"]
[Black "Zakhartsov, Viacheslav V"]
[Result "1-0"]
[WhiteElo "2432"]
[BlackElo "2578"]
[Annotator "Zakhartsov,Vi"]
[PlyCount "55"]
[EventDate "2011.06.15"]
[EventType "swiss"]
[EventRounds "11"]
[EventCountry "RUS"]
[SourceTitle "CBM 143"]
[Source "ChessBase"]
[SourceDate "2011.07.15"]
[SourceVersion "1"]
[SourceVersionDate "2011.07.15"]
[SourceQuality "1"]

1. e4 c5 2. Nf3 d6 3. d4 cxd4 4. Nxd4 Nf6 5. Nc3 a6 6. h3 e6 7. g4 b5 8. Bg2
Bb7 9. O-O Nfd7 10. Re1 g5 $2 {A bad novelty.} ({Much better is the natural} 
10... Be7) 11. a4 $1 {Now Black's position becomes exposed on both flanks.}
bxa4 (11... b4 12. Nd5 $5 (12. Na2 a5 13. c3 bxc3 14. Nxc3 {is also possible})
12... exd5 13. exd5+ Ne5 14. Nc6 Qf6 15. Qd4 Nbd7 16. Qxb4 {with a strong
initiative.}) 12. Rxa4 Be7 $2 (12... Ne5 {was necessary:} 13. Rb4 Bc6 {
although White has an obvious advantage.}) 13. Rb4 Qc7 $2 {A decisive mistake
in a difficult position. I completely overlooked the subsequent sacrifice.} ({
On} 13... Nc5 {the computer indicates the following line:} 14. Rxb7 $1 Nxb7 15.
e5 d5 (15... dxe5 16. Nc6 $1 Qxd1 17. Rxd1 {and Black loses his b7-knight}) 16.
Nxd5 $1 exd5 17. Nf5 Nc6 18. Bxd5 Rc8 (18... Nba5 19. Nd6+ Bxd6 20. exd6+ Kf8
21. Qf3) 19. Qf3 {and White should win. However, it is not so easy to find
this over the board.}) 14. Nf5 $1 exf5 (14... Nc6 {doesn't help either:} 15.
Bxg5 $1 (15. Rxb7 Qxb7 16. Nxd6+ Bxd6 17. Qxd6 Rc8 18. Bxg5) 15... exf5 (15...
Bxg5 16. Rxb7) (15... Bf8 16. Rxb7 Qxb7 17. e5 d5 18. Nxd5 exd5 19. Qxd5 {
with a winning attack}) 16. exf5 Nxb4 17. Rxe7+ Kd8 (17... Kf8 18. Bxb7 Qxb7
19. Qxd6 {winning}) 18. Qe2 f6 19. Bxf6 Nxf6 20. Rxc7 Kxc7 21. Qe7+ Nd7 22.
Bxb7 Rae8 23. Qf7 Rhf8 24. Qc4+ {winning.}) 15. Rxb7 Qxb7 16. exf5 (16. e5 {
is also strong:} Nc6 17. exd6 O-O (17... O-O-O 18. dxe7 Rde8 19. Qd5) 18. dxe7
Rfe8 19. gxf5) 16... Nc6 17. Qxd6 O-O-O {Otherwise Black can resign.} 18. Rxe7
Nde5 (18... Ndb8 19. Rxb7 Rxd6 20. Rxf7 {is also hopeless.}) 19. Rxb7 Rxd6 20.
Rb6 f6 21. Rxa6 {White is completely winning.} Rhd8 22. Be3 Ne7 23. Ra7 N5c6
24. Ra4 h5 25. b4 hxg4 26. hxg4 Ne5 27. Bc5 Nxg4 28. Ra8+ 1-0